00740nam a2200193 a 4500008004100000020001500041050001400056100001700070245005100087246004700138250001200185260005300197350000900250650001400259650003000273995009600303999001700399952013000416120416s1993 ||||||||||||||||| || u a9781563486 aHD 82 Oki aOkigbo, Pius10aEssays in the public philosophy of development astudies in the political economy of Africa a5th ed. aEnugubFourth Dimention Publishing Co. Ltdc1993 a0.00 0aECONOMICS aPOLITICAL ECONOMY--AFRICA D0.00FCBU-MAIN LIBRARY (Kitwe)H1I19.95M1UAVAILABLEZMain Library Open Access Collection c42360d42360 00102lcc4070a001b001cMain Library Open Access Collectiond2022-11-30l0oHD 82 Okip024047r2022-11-30w2022-11-30y002